000
00336 a2200157 4500
001
48272
020
_a
8526242156
040
_c
Anchieta - Bela Vista
100
_a
Braz, Júlio Emílio
240
1
0
_a
Pretinha, eu?
_l
por
245
1
0
_a
Pretinha, eu?
300
_a
63p.
362
0
_a
2002
650
4
_a
Literatura juvenil
942
_c
BK
999
_c
48272
_d
48272